Effect of flexural, and punching shear reinforcement on the punching behaviour of reinforced concrete flat slabs / (رقم التسجيلة. 179705)

تفاصيل مارك
000 -LEADER
fixed length control field 04696namaa22004331i 4500
003 - CONTROL NUMBER IDENTIFIER
control field EG-GICUC
005 - أخر تعامل مع التسجيلة
control field 20260423162117.0
008 - FIXED-LENGTH DATA ELEMENTS--GENERAL INFORMATION
fixed length control field 260423s2025 ua a|||frm||| 000 0 eng d
040 ## - CATALOGING SOURCE
Original cataloguing agency EG-GICUC
Language of cataloging eng
Transcribing agency EG-GICUC
Modifying agency EG-GICUC
Description conventions rda
041 0# - LANGUAGE CODE
Language code of text/sound track or separate title eng
Language code of summary or abstract eng
-- ara
049 ## - Acquisition Source
Acquisition Source Deposit
082 04 - DEWEY DECIMAL CLASSIFICATION NUMBER
Classification number 624.1
092 ## - LOCALLY ASSIGNED DEWEY CALL NUMBER (OCLC)
Classification number 624.1
Edition number 21
097 ## - Degree
Degree Ph.D
099 ## - LOCAL FREE-TEXT CALL NUMBER (OCLC)
Local Call Number Cai01.13.05.Ph.D.2025.Ah.E
100 0# - MAIN ENTRY--PERSONAL NAME
Authority record control number or standard number Ahmed Abdallah Saiedahmed Elgohary,
Preparation preparation.
245 10 - TITLE STATEMENT
Title Effect of flexural, and punching shear reinforcement on the punching behaviour of reinforced concrete flat slabs /
Statement of responsibility, etc. by Ahmed Abdallah Saiedahmed Elgohary ; Supervision Prof. Dr. Mohamed Rabie Mahmoud Hussain, Dr. Mohamed Samy Yousef.
246 15 - VARYING FORM OF TITLE
Title proper/short title تأثير صلب تسليح الإنحناء والكانات علي سلوك القص الثاقب للبلاطات الخرسانية المسلحة
264 #0 - PRODUCTION, PUBLICATION, DISTRIBUTION, MANUFACTURE, AND COPYRIGHT NOTICE
Date of production, publication, distribution, manufacture, or copyright notice 2025.
300 ## - PHYSICAL DESCRIPTION
Extent 103 pages :
Other physical details illustrations ;
Dimensions 30 cm. +
Accompanying material CD.
336 ## - CONTENT TYPE
Content type term text
Source rda content
337 ## - MEDIA TYPE
Media type term Unmediated
Source rdamedia
338 ## - CARRIER TYPE
Carrier type term volume
Source rdacarrier
502 ## - DISSERTATION NOTE
Dissertation note Thesis (Ph.D)-Cairo University, 2025.
504 ## - BIBLIOGRAPHY, ETC. NOTE
Bibliography, etc. note Bibliography: pages 101-103.
520 #3 - SUMMARY, ETC.
Summary, etc. Punching shear is one of the most important phenomena to be considered during the design <br/>of reinforced concrete flat slabs, as this type of failure is brittle and occurs without prior <br/>warning. The main factors that affect punching strength are compressive strength, and <br/>punching reinforcement in the form of stirrups, or other shapes. In this research, eighteen <br/>half-scale specimens are tested with square dimensions of 1100 mm, and a thickness of 120 <br/>mm. All specimens were connected to a square column of dimensions 150×150 mm. The <br/>main parameters considered in this research included spacing between stirrups, number of <br/>stirrups branches, concrete strength, and ratio of the flexural reinforcement. The experimental <br/>and analytical results were analyzed and compared with the predicted values from various <br/>international design codes. The punching shear equation was proposed that is less <br/>conservative than the code provisions and shows closer agreement with both experimental <br/>and analytical results.
520 #3 - SUMMARY, ETC.
Summary, etc. البلاطات المسطحة لها دوراً هاماً في المباني الخرسانية نظراً لمرونتها المعمارية وتعتبر ظاهرة القص الثاقب من أهم الظواهر التي يجب مراعاتها أثناء تصميم البلاطات الخرسانية المسلحة، حيث أن هذا النوع من الانهيارات انهيار قصف ولا ينبئ بالإنذارات المسبقة قبل الانهيار، ويمكن تلخيص العوامل الرئيسية التي تؤثر على القص الثاقب في الخرسانة الي اجهاد الخرسانة، وصلب تسليح الانحناء، والكانات باشكالها المختلفة، لذلك تناول هذا البحث تقييم مساهمة صلب تسليح الانحناء الطولي، والكانات علي مقاومة القص الثاقب وذلك من خلال صب واختبار ثمانية عشرة عينة بابعاد العينات 1100×1100 مم وسمك 120 مم. يتوسط العينات عمود مربع بأبعاد 150×150 مم. وقد تم في هذا البحث دراسة متغيرات مختلفة تتنوع بين المسافة بين الكانات وعرضها وعدد فروعها ونسبة صلب تسليح الانحناء كما تم تحليل النتائج العملية والنظرية ومقارنتها بالقيم المقدرة من أكواد التصميم الدولية المختلفة ومن ثم استنتاج معادلة للقص الثاقب تكون اقل تحفظا من قيم الاكواد واقرب ما يكون للنتائج المعملية والنظرية.
530 ## - ADDITIONAL PHYSICAL FORM AVAILABLE NOTE
Issues CD Issued also as CD
546 ## - LANGUAGE NOTE
Text Language Text in English and abstract in Arabic & English.
650 #0 - SUBJECT ADDED ENTRY--TOPICAL TERM
Topical term or geographic name entry element Structural Engineering
650 #0 - SUBJECT ADDED ENTRY--TOPICAL TERM
Topical term or geographic name entry element الهندسة الانشائية
653 #1 - INDEX TERM--UNCONTROLLED
Uncontrolled term Punching shear
-- Flexural reinforcement
-- Stirrups
-- Concrete strength
-- Proposed equations
-- القص الثاقب
-- صلب تسليح الانحناء
700 0# - ADDED ENTRY--PERSONAL NAME
Personal name Mohamed Rabie Mahmoud Hussain
Relator term thesis advisor.
700 0# - ADDED ENTRY--PERSONAL NAME
Personal name Mohamed Samy Yousef
Relator term thesis advisor.
900 ## - Thesis Information
Grant date 01-01-2025
Supervisory body Mohamed Rabie Mahmoud Hussain
-- Mohamed Samy Yousef
Discussion body Mohamed Talat Mostafa
-- Zaki Ibrahiem Mahmoud
Universities Cairo University
Faculties Structural Engineering
Department Department of Structural Engineering
905 ## - Cataloger and Reviser Names
Cataloger Name Shimaa
942 ## - ADDED ENTRY ELEMENTS (KOHA)
Source of classification or shelving scheme Dewey Decimal Classification
Koha item type Thesis
Edition 21
Suppress in OPAC No
المقتنيات
Source of classification or shelving scheme Home library Current library Date acquired Inventory number Full call number Barcode Date last seen Effective from Koha item type
Dewey Decimal Classification المكتبة المركزبة الجديدة - جامعة القاهرة قاعة الرسائل الجامعية - الدور الاول 23.04.2026 93866 Cai01.13.05.Ph.D.2025.Ah.E 01010110093866000 23.04.2026 23.04.2026 Thesis
Cairo University Libraries Portal Implemented & Customized by: Eng. M. Mohamady Contacts: new-lib@cl.cu.edu.eg | cnul@cl.cu.edu.eg
CUCL logo CNUL logo
© All rights reserved — Cairo University Libraries
CUCL logo
Implemented & Customized by: Eng. M. Mohamady Contact: new-lib@cl.cu.edu.eg © All rights reserved — New Central Library
CNUL logo
Implemented & Customized by: Eng. M. Mohamady Contact: cnul@cl.cu.edu.eg © All rights reserved — Cairo National University Library